[Event "62nd DEN-ch"]
[Site "Copenhagen DEN"]
[Date "1983.??.??"]
[Round "1"]
[White "Brinck-Claussen, Bjoern"]
[Black "Hoei, Carsten"]
[WhiteElo "2380"]
[BlackElo "2370"]
[Result "1/2-1/2"]
[EventDate "1983.01.01"]
[PlyCount "82"]
[EventCategory "5"]
[Source "ChessBase"]
[SourceDate "1999.07.01"]

1. d4 Nf6 2. c4 c5 3. d5 g6 4. Nc3 Bg7 5. e4 d6 6. Bd3 O-O 7. h3 a6 8. a4 e5 9.
Bg5 h6 10. Be3 Nh5 11. Qd2 Kh7 12. Nge2 Nd7 13. g4 Nf4 14. Nxf4 exf4 15. Bxf4
Ne5 16. Be2 f5 17. exf5 gxf5 18. g5 Ng6 19. gxh6 Bf6 20. Rg1 Nxf4 21. Qxf4 Be5
22. Qf3 Qh4 23. Qh5 Qxh5 24. Bxh5 Kxh6 25. Be2 Bd7 26. Kd2 Rg8 27. Bd3 Bd4 28.
Ke2 Raf8 29. a5 Be8 30. Rxg8 Rxg8 31. Kf1 Bd7 32. Ne2 Be5 33. f4 Bf6 34. Kf2
Kh5 35. Ra3 Kh4 36. Bc2 Bc8 37. Rb3 Bd8 38. Re3 Bxa5 39. Re7 Kh5 40. Ng3+ Kg6
41. Nxf5 Kf6 1/2-1/2

[Event "62nd DEN-ch"]
[Site "Copenhagen DEN"]
[Date "1983.??.??"]
[Round "1"]
[White "Fries-Nielsen, Jens Ove"]
[Black "Pedersen, Erik"]
[WhiteElo "2440"]
[BlackElo "2340"]
[Result "1-0"]
[EventDate "1983.01.01"]
[PlyCount "41"]
[EventCategory "5"]
[Source "ChessBase"]
[SourceDate "1999.07.01"]

1. Nf3 Nf6 2. c4 b6 3. Nc3 Bb7 4. d4 e6 5. a3 Ne4 6. Nxe4 Bxe4 7. Nd2 Bb7 8. e4
Qf6 9. d5 Bc5 10. Nf3 Qg6 11. Qd3 a5 12. h4 exd5 13. cxd5 Ba6 14. Qc2 Bxf1 15.
Kxf1 h6 16. h5 Qd6 17. Rh4 Na6 18. Rg4 O-O-O 19. b4 Bxb4 20. axb4 Nxb4 21. Qc4
1-0

[Event "62nd DEN-ch"]
[Site "Copenhagen DEN"]
[Date "1983.??.??"]
[Round "1"]
[White "Hansen, Curt"]
[Black "Sloth, Joern"]
[WhiteElo "2450"]
[BlackElo "2380"]
[Result "1/2-1/2"]
[EventDate "1983.01.01"]
[PlyCount "45"]
[EventCategory "5"]
[Source "ChessBase"]
[SourceDate "1999.07.01"]

1. e4 c5 2. c3 d6 3. d4 Nf6 4. dxc5 Nc6 5. cxd6 Nxe4 6. Nf3 e6 7. Na3 Bxd6 8.
Bd3 Bxa3 9. Bxe4 Qxd1+ 10. Kxd1 Bc5 11. Ke2 Bd7 12. Rd1 f6 13. b4 Bb6 14. a4 a6
15. Nd2 Bc7 16. Nc4 Ne5 17. Nd6+ Bxd6 18. Rxd6 O-O-O 19. f4 Bc6 20. Rxd8+ Rxd8
21. Bxh7 Rh8 22. fxe5 Rxh7 23. Bf4 1/2-1/2

[Event "62nd DEN-ch"]
[Site "Copenhagen DEN"]
[Date "1983.??.??"]
[Round "1"]
[White "Jakobsen, Ole"]
[Black "Schandorff, Lars"]
[WhiteElo "2445"]
[BlackElo "2355"]
[Result "1/2-1/2"]
[EventDate "1983.01.01"]
[PlyCount "56"]
[EventCategory "5"]
[Source "ChessBase"]
[SourceDate "1999.07.01"]

1. d4 d5 2. Nf3 Nf6 3. e3 g6 4. c4 c6 5. Nc3 Bg7 6. Be2 O-O 7. O-O Nbd7 8. Qc2
dxc4 9. Bxc4 Qc7 10. b3 a6 11. Ba3 b5 12. Be2 Re8 13. Rac1 e5 14. dxe5 Nxe5 15.
Rfd1 Bf5 16. e4 Nxf3+ 17. Bxf3 Bg4 18. Bd6 Qb6 19. Qe2 Bxf3 20. Qxf3 Rad8 21.
b4 Nd7 22. h4 Ne5 23. Qg3 Rd7 24. Bc5 Qb7 25. Rxd7 Nxd7 26. Bd6 Ne5 27. Rd1 Qc8
28. Bc5 Rd8 1/2-1/2

[Event "62nd DEN-ch"]
[Site "Copenhagen DEN"]
[Date "1983.??.??"]
[Round "1"]
[White "Kristiansen, Jens"]
[Black "Noergaard, Jesper"]
[WhiteElo "2445"]
[BlackElo "2260"]
[Result "1-0"]
[EventDate "1983.01.01"]
[PlyCount "105"]
[EventCategory "5"]
[Source "ChessBase"]
[SourceDate "1999.07.01"]

1. e4 e5 2. Nf3 Nc6 3. Bb5 a6 4. Ba4 Nf6 5. O-O Be7 6. Re1 b5 7. Bb3 d6 8. c3
O-O 9. d4 Bg4 10. d5 Na5 11. Bc2 c6 12. dxc6 Qc7 13. Nbd2 Qxc6 14. h3 Bh5 15.
Nf1 Rfe8 16. Ng3 Bg6 17. Nh4 Nc4 18. Nhf5 Bf8 19. Qf3 Nd7 20. h4 h6 21. h5 Bh7
22. b3 Ncb6 23. Bd2 Nc5 24. Ne3 Rad8 25. Rad1 Qa8 26. b4 Ne6 27. Bb3 Ng5 28.
Qg4 Bxe4 29. Nef5 Bf3 30. gxf3 Nxf3+ 31. Kh1 Nxd2+ 32. Ne4 Nxe4 33. Nxh6+ Kh7
34. Rxe4 Qc8 35. Nxf7 Qxg4 36. Rxg4 Rd7 37. Ng5+ Kh8 38. Nf7+ Kh7 39. Rg6 Nc4
40. Ng5+ Kh8 41. Bxc4 bxc4 42. Rd5 e4 43. Rf5 d5 44. Ne6 Bxb4 45. cxb4 d4 46.
Nf8 Rc7 47. Ne6 Rd7 48. h6 Kh7 49. Nf4 gxh6 50. Rh5 Kh8 51. Rgxh6+ Kg8 52. Rh8+
Kf7 53. R8h7+ 1-0

[Event "62nd DEN-ch"]
[Site "Copenhagen DEN"]
[Date "1983.??.??"]
[Round "1"]
[White "Nilsson, Nils Specht"]
[Black "Iskov, Gert"]
[WhiteElo "2255"]
[BlackElo "2360"]
[Result "1/2-1/2"]
[EventDate "1983.01.01"]
[PlyCount "74"]
[EventCategory "5"]
[Source "ChessBase"]
[SourceDate "1999.07.01"]

1. d4 Nf6 2. Nf3 c5 3. g3 b6 4. Bg2 Bb7 5. c3 g6 6. O-O Bg7 7. Re1 O-O 8. Nbd2
Na6 9. e4 cxd4 10. Nxd4 e5 11. N4b3 Rc8 12. Nf1 h6 13. f4 d6 14. fxe5 dxe5 15.
Qxd8 Rfxd8 16. a4 Bf8 17. a5 Nc5 18. Nxc5 Bxc5+ 19. Be3 Rd3 20. Bf2 Bxf2+ 21.
Kxf2 Rc4 22. axb6 axb6 23. Ke2 Rd8 24. Nd2 Rc7 25. Red1 Rcd7 26. Nc4 Ba6 27.
Rxa6 Rxd1 28. Rxb6 Ng4 29. h3 Rg1 30. hxg4 Rxg2+ 31. Kf3 Rh2 32. Nxe5 Rdd2 33.
b4 f6 34. Rb8+ Kg7 35. Rb7+ Kg8 36. Rb8+ Kg7 37. Rb7+ Kg8 1/2-1/2

[Event "62nd DEN-ch"]
[Site "Copenhagen DEN"]
[Date "1983.??.??"]
[Round "2"]
[White "Fries-Nielsen, Jens Ove"]
[Black "Brinck-Claussen, Bjoern"]
[WhiteElo "2440"]
[BlackElo "2380"]
[Result "1-0"]
[EventDate "1983.01.01"]
[PlyCount "129"]
[EventCategory "5"]
[Source "ChessBase"]
[SourceDate "1999.07.01"]

1. e4 e5 2. Nf3 Nc6 3. Bc4 Bc5 4. c3 Nf6 5. d3 d6 6. O-O O-O 7. Nbd2 a6 8. Re1
Be6 9. a4 Ba7 10. Bb3 h6 11. Nc4 b5 12. Ne3 d5 13. exd5 Nxd5 14. Nxd5 Bxd5 15.
Be3 Bxe3 16. Rxe3 Qd6 17. Bxd5 Qxd5 18. Qe2 Rad8 19. Nxe5 Nxe5 20. Rxe5 Qxd3
21. Qxd3 Rxd3 22. axb5 axb5 23. Rxb5 Rfd8 24. h4 Rd2 25. Ra7 Rc2 26. Rf5 Rd7
27. Rb7 g6 28. Rf3 h5 29. b4 Re7 30. g3 Kf8 31. Rb8+ Kg7 32. Rc8 Rd7 33. Kg2
Rc1 34. Re8 Rdd1 35. Rfe3 Rd7 36. R8e4 Rc2 37. Rc4 Kf8 38. Rc6 Kg7 39. Rf3 Re7
40. Rf4 Rd7 41. c4 Re7 42. b5 Rb2 43. Ra6 Rc2 44. Ra3 Kf8 45. Rd3 Kg7 46. Rdd4
f5 47. Rd5 Kf6 48. Rc5 Rd2 49. Rc6+ Kf7 50. Rf3 Kg7 51. Rb3 Kh6 52. Rf3 Kg7 53.
Kh3 Red7 54. Ra3 Rxf2 55. Ra7 Rdd2 56. Rcxc7+ Kf6 57. Rc6+ Ke5 58. Re7+ Kd4 59.
Rd7+ Ke4 60. Rxd2 Rxd2 61. Rxg6 f4 62. gxf4 Rc2 63. f5 Rxc4 64. f6 Kf3 65. b6
1-0

[Event "62nd DEN-ch"]
[Site "Copenhagen DEN"]
[Date "1983.??.??"]
[Round "2"]
[White "Hoei, Carsten"]
[Black "Jakobsen, Ole"]
[WhiteElo "2370"]
[BlackElo "2445"]
[Result "1/2-1/2"]
[EventDate "1983.01.01"]
[PlyCount "115"]
[EventCategory "5"]
[Source "ChessBase"]
[SourceDate "1999.07.01"]

1. g3 d5 2. d3 c5 3. Bg2 e5 4. e4 dxe4 5. dxe4 Qxd1+ 6. Kxd1 Nc6 7. c3 h5 8. h4
Nf6 9. f3 Bd7 10. Bg5 Be7 11. Nd2 O-O-O 12. Kc2 Ne8 13. Bxe7 Nxe7 14. Nc4 f6
15. Bh3 Bxh3 16. Nxh3 Nd6 17. Ne3 Rd7 18. Rhd1 Rhd8 19. Nf2 c4 20. b3 b5 21.
bxc4 Nxc4 22. Nxc4 bxc4 23. Rxd7 Rxd7 24. Rb1 Nc6 25. Rb5 Kc7 26. a4 g5 27. Rc5
gxh4 28. gxh4 Rg7 29. Kd2 Rg2 30. Ke3 a5 31. Rxc4 Rh2 32. Rc5 Rxh4 33. Ke2 f5
34. exf5 Rf4 35. Nd3 Rxf5 36. Ke3 h4 37. Ke4 Rh5 38. Kd5 Kd7 39. Rb5 Ne7+ 40.
Ke4 Nc6 41. Nf2 h3 42. Rb1 Kd6 43. Rh1 Rh4+ 44. Kd3 Rxa4 45. Ne4+ Kc7 46. Rxh3
Ra1 47. Kc4 Kb6 48. Nf6 Ra4+ 49. Kd5 Rf4 50. Ne4 Rf8 51. Rh6 Rd8+ 52. Kc4 a4
53. Nf6 Rc8 54. Nd7+ Ka5 55. Nc5 a3 56. Rh1 Kb6 57. Rb1+ Kc7 58. Ra1 1/2-1/2

[Event "62nd DEN-ch"]
[Site "Copenhagen DEN"]
[Date "1983.??.??"]
[Round "2"]
[White "Iskov, Gert"]
[Black "Hansen, Curt"]
[WhiteElo "2360"]
[BlackElo "2450"]
[Result "1/2-1/2"]
[EventDate "1983.01.01"]
[PlyCount "146"]
[EventCategory "5"]
[Source "ChessBase"]
[SourceDate "1999.07.01"]

1. e4 c6 2. d4 d5 3. exd5 cxd5 4. c4 Nf6 5. Nc3 e6 6. Nf3 Be7 7. a3 O-O 8. Bd3
dxc4 9. Bxc4 b6 10. O-O Bb7 11. Bg5 Nbd7 12. Re1 Rc8 13. Ba2 Re8 14. Qd3 Nc5
15. Qe3 Nce4 16. Bxf6 Nxf6 17. Ng5 Bd6 18. Qh3 Rc7 19. Rad1 h6 20. Nf3 Bf8 21.
Ne5 Rce7 22. Re3 g6 23. Bb1 Bg7 24. Qg3 Nh5 25. Qh4 Rd7 26. Qxd8 Rdxd8 27. Nxg6
Rxd4 28. Ne5 Rxd1+ 29. Nxd1 Nf4 30. g3 Nd5 31. Re2 Rc8 32. Nd3 Ba6 33. Rc2 Rd8
34. Rc1 e5 35. f3 f5 36. N3f2 f4 37. Ba2 Kh8 38. Ne4 Bb7 39. Ndf2 Ne3 40. Rc7
Bxe4 41. Nxe4 fxg3 42. hxg3 Rf8 43. Kf2 Nd1+ 44. Ke2 Nxb2 45. Rxa7 Rd8 46. Bb1
Nc4 47. Bd3 Na5 48. Ra6 Nb3 49. Ke3 Bf8 50. Rxb6 Nc5 51. Bc2 Nxe4 52. Kxe4 Bxa3
53. Kxe5 Bf8 54. g4 Bg7+ 55. Kf5 Rf8+ 56. Kg6 Bd4 57. Re6 Bb2 58. Kxh6 Bc1+ 59.
Kg6 Rg8+ 60. Kf5 Rf8+ 61. Rf6 Rxf6+ 62. Kxf6 Kg8 63. Kf5 Kg7 64. f4 Bd2 65. g5
Bc1 66. Bd1 Bd2 67. Bh5 Bc1 68. Kg4 Bb2 69. Kf3 Bc1 70. Ke4 Bd2 71. Be8 Bc1 72.
Kf3 Bd2 73. Kg4 Bb4 1/2-1/2

[Event "62nd DEN-ch"]
[Site "Copenhagen DEN"]
[Date "1983.??.??"]
[Round "2"]
[White "Pedersen, Erik"]
[Black "Noergaard, Jesper"]
[WhiteElo "2340"]
[BlackElo "2260"]
[Result "0-1"]
[EventDate "1983.01.01"]
[PlyCount "96"]
[EventCategory "5"]
[Source "ChessBase"]
[SourceDate "1999.07.01"]

1. d4 Nf6 2. Nf3 b6 3. Bg5 Bb7 4. e3 e6 5. Bd3 c5 6. c3 Be7 7. Nbd2 cxd4 8.
exd4 Nd5 9. Bxe7 Qxe7 10. O-O Nf4 11. Be4 Bxe4 12. Nxe4 d5 13. Ng3 Ng6 14. Nf5
Qf6 15. Qa4+ Nd7 16. Nd6+ Ke7 17. Qa3 Qf4 18. Ne4+ Kd8 19. Nd6 Ke7 20. Nf5+ Kf6
21. Ne3 Rhc8 22. Rfe1 Ngf8 23. c4 dxc4 24. d5 Rc5 25. Rad1 e5 26. d6 Ke6 27.
Nc2 f6 28. Rd4 Qh6 29. Qc3 b5 30. b4 Rd5 31. Ng5+ Qxg5 32. Rxd5 Kxd5 33. Qf3+
Ke6 34. Qxa8 Qd2 35. Qe4 Kxd6 36. Re2 Qd3 37. Qxd3+ cxd3 38. Rd2 e4 39. Nd4 a6
40. f3 Ke5 41. Nb3 f5 42. Rd1 Ne6 43. Kf2 Nb6 44. Nc5 Nxc5 45. bxc5 Nc4 46.
fxe4 fxe4 47. Kg3 d2 48. c6 Kd6 0-1

[Event "62nd DEN-ch"]
[Site "Copenhagen DEN"]
[Date "1983.??.??"]
[Round "2"]
[White "Schandorff, Lars"]
[Black "Nilsson, Nils Specht"]
[WhiteElo "2355"]
[BlackElo "2255"]
[Result "1-0"]
[EventDate "1983.01.01"]
[PlyCount "107"]
[EventCategory "5"]
[Source "ChessBase"]
[SourceDate "1999.07.01"]

1. c4 Nf6 2. Nc3 e5 3. Nf3 Nc6 4. e3 d6 5. d4 Be7 6. Be2 O-O 7. O-O Re8 8. b3
Bf8 9. Bb2 exd4 10. Nxd4 Nxd4 11. Qxd4 Bd7 12. Bf3 Bc6 13. Nd5 Bxd5 14. cxd5
Nd7 15. Rac1 Ne5 16. Be2 a6 17. Rc2 c5 18. dxc6 Nxc6 19. Qd2 Qb6 20. Bf3 Rac8
21. Rfc1 Ne7 22. Rxc8 Rxc8 23. Rxc8 Nxc8 24. Qd5 Ne7 25. Qxb7 Qa5 26. g3 Qxa2
27. Bd4 Qa5 28. Kg2 Qb5 29. Qxb5 axb5 30. Bc3 d5 31. Be2 b4 32. Bxb4 Nc6 33.
Bc3 f6 34. Bd3 Kf7 35. Kf3 Bb4 36. Bxb4 Nxb4 37. Ke2 h6 38. Kd2 Ke6 39. Kc3 Nc6
40. b4 Kd6 41. f4 Na7 42. Kb3 Kc6 43. Ka4 Kb6 44. Be2 Nc8 45. Bf3 Ne7 46. Bg4
g5 47. Be6 h5 48. f5 h4 49. gxh4 gxh4 50. b5 Kc5 51. h3 d4 52. exd4+ Kxd4 53.
Kb4 Ke5 54. Kc5 1-0

[Event "62nd DEN-ch"]
[Site "Copenhagen DEN"]
[Date "1983.??.??"]
[Round "2"]
[White "Sloth, Joern"]
[Black "Kristiansen, Jens"]
[WhiteElo "2380"]
[BlackElo "2445"]
[Result "1/2-1/2"]
[EventDate "1983.01.01"]
[PlyCount "45"]
[EventCategory "5"]
[Source "ChessBase"]
[SourceDate "1999.07.01"]

1. c4 e5 2. g3 Nf6 3. Bg2 c6 4. d4 exd4 5. Qxd4 d5 6. Nf3 Be7 7. cxd5 cxd5 8.
O-O Nc6 9. Qa4 O-O 10. Nc3 Bd7 11. Be3 Re8 12. Rad1 Na5 13. Qc2 Qc8 14. Nd4 Nc4
15. Nxd5 Nxd5 16. Bxd5 Nxe3 17. fxe3 Rf8 18. Qe4 Qe8 19. Bxb7 Rb8 20. Nc6 Bxc6
21. Bxc6 Qc8 22. Rd7 Bc5 23. Qd5 1/2-1/2

[Event "62nd DEN-ch"]
[Site "Copenhagen DEN"]
[Date "1983.??.??"]
[Round "3"]
[White "Brinck-Claussen, Bjoern"]
[Black "Pedersen, Erik"]
[WhiteElo "2380"]
[BlackElo "2340"]
[Result "0-1"]
[EventDate "1983.01.01"]
[PlyCount "72"]
[EventCategory "5"]
[Source "ChessBase"]
[SourceDate "1999.07.01"]

1. d4 Nf6 2. c4 c5 3. d5 e6 4. Nc3 exd5 5. cxd5 d6 6. e4 g6 7. f4 Bg7 8. Bb5+
Nfd7 9. Be2 O-O 10. Nf3 Na6 11. O-O Nc7 12. Nd2 a6 13. a4 b6 14. Nc4 Ne8 15.
Bf3 Rb8 16. Qe2 b5 17. axb5 axb5 18. Na5 Qb6 19. Nc6 Nc7 20. Nxb8 Nxb8 21. Rd1
Ba6 22. Qe1 b4 23. Na4 Qb5 24. Qh4 Nd7 25. Be3 Re8 26. Qf2 Qc4 27. e5 dxe5 28.
d6 exf4 29. Bxc5 Ne6 30. Bc6 Nexc5 31. Nb6 Nxb6 32. Bxe8 Nd3 33. Qe2 Bd4+ 34.
Kf1 Nd5 35. Qxd3 Ne3+ 36. Ke2 Qc2+ 0-1

[Event "62nd DEN-ch"]
[Site "Copenhagen DEN"]
[Date "1983.??.??"]
[Round "3"]
[White "Hansen, Curt"]
[Black "Schandorff, Lars"]
[WhiteElo "2450"]
[BlackElo "2355"]
[Result "1-0"]
[EventDate "1983.01.01"]
[PlyCount "41"]
[EventCategory "5"]
[Source "ChessBase"]
[SourceDate "1999.07.01"]

1. d4 d5 2. Nf3 Nf6 3. c4 e6 4. Nc3 Be7 5. Bg5 h6 6. Bxf6 Bxf6 7. e3 O-O 8. Rc1
c6 9. Bd3 Nd7 10. cxd5 exd5 11. b4 Be7 12. b5 Ba3 13. Rc2 Nb6 14. O-O cxb5 15.
Nxb5 Be7 16. Ne5 a6 17. Nc7 Ra7 18. Qb1 Na8 19. Rfc1 Ba3 20. Nb5 axb5 21. Rxc8
1-0

[Event "62nd DEN-ch"]
[Site "Copenhagen DEN"]
[Date "1983.??.??"]
[Round "4"]
[White "Fries-Nielsen, Jens Ove"]
[Black "Nilsson, Nils Specht"]
[WhiteElo "2440"]
[BlackElo "2255"]
[Result "1/2-1/2"]
[EventDate "1983.01.01"]
[PlyCount "58"]
[EventCategory "5"]
[Source "ChessBase"]
[SourceDate "1999.07.01"]

1. Nf3 Nf6 2. e3 g6 3. b3 Bg7 4. Bb2 c5 5. c4 O-O 6. Be2 Nc6 7. O-O d5 8. cxd5
Nxd5 9. Bxg7 Kxg7 10. d4 cxd4 11. Nxd4 Nxd4 12. Qxd4+ Nf6 13. Qb2 Qb6 14. Nc3
Be6 15. Bf3 Rfd8 16. Rfd1 Rxd1+ 17. Rxd1 Rc8 18. h3 Qa5 19. Ne2 b5 20. Nf4 b4
21. Nxe6+ fxe6 22. Qd2 Rc3 23. Be2 Kf7 24. Bc4 Qf5 25. Bd3 Qe5 26. Qe2 Qc5 27.
Kh2 Qc7+ 28. g3 Qe5 29. Qf3 a5 1/2-1/2

[Event "62nd DEN-ch"]
[Site "Copenhagen DEN"]
[Date "1983.??.??"]
[Round "4"]
[White "Hoei, Carsten"]
[Black "Hansen, Curt"]
[WhiteElo "2370"]
[BlackElo "2450"]
[Result "1-0"]
[EventDate "1983.01.01"]
[PlyCount "149"]
[EventCategory "5"]
[Source "ChessBase"]
[SourceDate "1999.07.01"]

1. g3 d5 2. Bg2 c6 3. Nf3 Bg4 4. O-O Nd7 5. d3 e6 6. Nbd2 Bd6 7. e4 Ne7 8. b3
O-O 9. Bb2 a5 10. a4 b5 11. axb5 cxb5 12. Ra2 Be5 13. c3 b4 14. Qa1 Bxc3 15.
Bxc3 bxc3 16. Qxc3 Qb6 17. Rfa1 Nc6 18. Rc2 Nb4 19. Rcc1 Qa6 20. exd5 exd5 21.
Bf1 Rfc8 22. Qb2 Bf5 23. Nd4 Bg6 24. Rxc8+ Rxc8 25. N2f3 Nc5 26. Qa3 Ra8 27.
Ne5 Ncxd3 28. Nxd3 Bxd3 29. Bxd3 Nxd3 30. Qe7 Qb6 31. Qe3 Nb4 32. Qe5 g6 33. h4
Nd3 34. Qe3 Nc5 35. b4 Qxb4 36. Nc6 Qb2 37. Re1 Ne4 38. Ne7+ Kg7 39. Nxd5 Nf6
40. Nc7 Rc8 41. Qa7 Qc3 42. Re7 Kg8 43. Qb7 Rd8 44. Kg2 Qc5 45. Re2 a4 46. Qa6
Nd5 47. Ne8 a3 48. h5 Kf8 49. Nf6 Kg7 50. Ng4 Qd6 51. h6+ Kf8 52. Qa7 Nc3 53.
Re3 Nb5 54. Qa5 Qd5+ 55. Kh2 Qh5+ 56. Kg2 Qd5+ 57. Kh2 a2 58. Nf6 Qd4 59. Nxh7+
Kg8 60. Qxa2 Kxh7 61. Qxf7+ Kxh6 62. g4 Qd6+ 63. Rg3 Kg5 64. f4+ Qxf4 65. Qe7+
Qf6 66. Qc5+ Kh4 67. Rh3+ Kxg4 68. Qg1+ Kf5 69. Rf3+ Ke6 70. Qb6+ Rd6 71. Rxf6+
Kxf6 72. Qxb5 Re6 73. Kg3 Re5 74. Qb2 Ke6 75. Kg4 1-0

[Event "62nd DEN-ch"]
[Site "Copenhagen DEN"]
[Date "1983.??.??"]
[Round "4"]
[White "Iskov, Gert"]
[Black "Noergaard, Jesper"]
[WhiteElo "2360"]
[BlackElo "2260"]
[Result "1-0"]
[EventDate "1983.01.01"]
[PlyCount "95"]
[EventCategory "5"]
[Source "ChessBase"]
[SourceDate "1999.07.01"]

1. e4 e5 2. Nf3 Nc6 3. Bb5 a6 4. Ba4 Nf6 5. O-O Be7 6. Bxc6 dxc6 7. d3 Nd7 8.
Nbd2 O-O 9. Nc4 f6 10. Nh4 Nc5 11. Nf5 Bxf5 12. exf5 Qd5 13. Qg4 e4 14. Re1 Rf7
15. b4 Na4 16. Rxe4 Nc3 17. Re6 Bxb4 18. Bb2 Na4 19. Ne3 Qb5 20. Re4 Bd6 21.
Bd4 Nc5 22. a4 Qb4 23. Bxc5 Qxc5 24. Qh3 Re7 25. Rh4 h6 26. Ng4 Qc3 27. Rf1 Re1
28. Nxf6+ Kf7 29. Ne4 Rxf1+ 30. Kxf1 Qxc2 31. Nxd6+ cxd6 32. Re4 Qc1+ 33. Re1
Qc3 34. Qe3 Kg8 35. Qe6+ Kh8 36. Qxd6 b5 37. d4 Qd3+ 38. Kg1 Qxf5 39. Qxc6 Rf8
40. f3 Qf4 41. Re4 Qb8 42. Qxa6 b4 43. Qb5 Qa8 44. Qxb4 Rb8 45. Qc4 Rb1+ 46.
Kf2 Qb8 47. g3 Rb2+ 48. Re2 1-0

[Event "62nd DEN-ch"]
[Site "Copenhagen DEN"]
[Date "1983.??.??"]
[Round "5"]
[White "Jakobsen, Ole"]
[Black "Pedersen, Erik"]
[WhiteElo "2445"]
[BlackElo "2340"]
[Result "1-0"]
[EventDate "1983.01.01"]
[PlyCount "85"]
[EventCategory "5"]
[Source "ChessBase"]
[SourceDate "1999.07.01"]

1. d4 Nf6 2. c4 c5 3. d5 e6 4. Nc3 exd5 5. cxd5 d6 6. e4 g6 7. f3 Bg7 8. Bg5
O-O 9. Qd2 a6 10. a4 Nbd7 11. Nh3 Re8 12. Nf2 Qa5 13. Be2 b5 14. O-O bxa4 15.
Rxa4 Qc7 16. Rfa1 Nb6 17. R4a2 Nfd7 18. Ng4 h5 19. Ne3 c4 20. Re1 Rb8 21. Kh1
Bb7 22. g4 Nf6 23. h3 hxg4 24. hxg4 Nh7 25. Bf4 Bf6 26. Kg2 Rbc8 27. Rh1 Qe7
28. Qe1 Bg5 29. Qg3 Bxf4 30. Qxf4 Qg5 31. Qxg5 Nxg5 32. Rd1 Rc5 33. Rd4 Rec8
34. f4 Nh7 35. g5 f6 36. gxf6 Nxf6 37. Ra1 Kg7 38. Rg1 Kf7 39. Kf2 Nfd7 40. Bg4
Rh8 41. Be6+ Kf6 42. e5+ dxe5 43. fxe5+ 1-0

[Event "62nd DEN-ch"]
[Site "Copenhagen DEN"]
[Date "1983.??.??"]
[Round "5"]
[White "Kristiansen, Jens"]
[Black "Hoei, Carsten"]
[WhiteElo "2445"]
[BlackElo "2370"]
[Result "0-1"]
[EventDate "1983.01.01"]
[PlyCount "81"]
[EventCategory "5"]
[Source "ChessBase"]
[SourceDate "1999.07.01"]

1. e4 e6 2. d4 d5 3. Nc3 Nf6 4. e5 Nfd7 5. f4 c5 6. Nf3 Nc6 7. Be3 cxd4 8. Nxd4
Bc5 9. Qd2 O-O 10. O-O-O Qe7 11. Bb5 Nb6 12. Qf2 Nxd4 13. Bxd4 Bxd4 14. Qxd4
Bd7 15. Bxd7 Qxd7 16. Ne4 Qc6 17. Ng5 h6 18. Nf3 Rfc8 19. c3 Nc4 20. Qf2 b5 21.
Nd4 Qb6 22. Kb1 Rab8 23. Rd3 a5 24. Rc1 b4 25. b3 a4 26. cxb4 Qxb4 27. Ka1 Qa3
28. Qc2 axb3 29. Rxb3 Qc5 30. Rxb8 Qxd4+ 31. Qb2 Nxb2 32. Rcxc8+ Kh7 33. Rxb2
Qg1+ 34. Rb1 Qd4+ 35. Rb2 Qxf4 36. Kb1 d4 37. g3 Qe4+ 38. Ka1 d3 39. Rc1 Qxe5
40. Kb1 Qd4 41. Rd1 0-1

[Event "62nd DEN-ch"]
[Site "Copenhagen DEN"]
[Date "1983.??.??"]
[Round "5"]
[White "Nilsson, Nils Specht"]
[Black "Brinck-Claussen, Bjoern"]
[WhiteElo "2255"]
[BlackElo "2380"]
[Result "0-1"]
[EventDate "1983.01.01"]
[PlyCount "90"]
[EventCategory "5"]
[Source "ChessBase"]
[SourceDate "1999.07.01"]

1. e4 c6 2. d4 d5 3. Nd2 dxe4 4. Nxe4 Nf6 5. Nxf6+ gxf6 6. c3 Bf5 7. Ne2 Nd7 8.
Ng3 Bg6 9. h4 h5 10. Bd3 Bxd3 11. Qxd3 e6 12. Qf3 Qa5 13. Ne4 f5 14. Ng5 Be7
15. O-O Qd5 16. Qxd5 cxd5 17. Nf3 Rc8 18. Re1 b5 19. Bg5 Bd6 20. a4 b4 21. cxb4
Bxb4 22. Rec1 O-O 23. a5 Rxc1+ 24. Bxc1 Rc8 25. Kf1 Bxa5 26. Rxa5 Rxc1+ 27. Ke2
Rc7 28. Ne1 Nf8 29. Nd3 Ng6 30. g3 f4 31. Nxf4 Nxf4+ 32. gxf4 Rb7 33. Ra2 Kg7
34. f5 Kf6 35. fxe6 fxe6 36. Kf3 Kf5 37. Ra3 Rb4 38. Rxa7 Rxd4 39. Kg3 Rg4+ 40.
Kh3 Rg8 41. Rh7 Kg6 42. Re7 Kf6 43. Rh7 d4 44. Rxh5 d3 45. Ra5 Rg1 0-1

[Event "62nd DEN-ch"]
[Site "Copenhagen DEN"]
[Date "1983.??.??"]
[Round "5"]
[White "Noergaard, Jesper"]
[Black "Schandorff, Lars"]
[WhiteElo "2260"]
[BlackElo "2355"]
[Result "1/2-1/2"]
[EventDate "1983.01.01"]
[PlyCount "35"]
[EventCategory "5"]
[Source "ChessBase"]
[SourceDate "1999.07.01"]

1. e4 c5 2. Nf3 d6 3. d4 cxd4 4. Nxd4 Nf6 5. Nc3 a6 6. Bg5 e6 7. f4 Qb6 8. Nb3
Be7 9. Qf3 Nbd7 10. O-O-O Qc7 11. Bd3 h6 12. Qh3 b5 13. a3 Bb7 14. f5 e5 15.
Rhe1 Bc6 16. g4 O-O-O 17. Bh4 Kb8 18. Kb1 1/2-1/2

[Event "62nd DEN-ch"]
[Site "Copenhagen DEN"]
[Date "1983.??.??"]
[Round "5"]
[White "Sloth, Joern"]
[Black "Iskov, Gert"]
[WhiteElo "2380"]
[BlackElo "2360"]
[Result "0-1"]
[EventDate "1983.01.01"]
[PlyCount "118"]
[EventCategory "5"]
[Source "ChessBase"]
[SourceDate "1999.07.01"]

1. Nf3 g6 2. d4 Nf6 3. Bf4 Bg7 4. e3 O-O 5. h3 c5 6. c3 b6 7. Nbd2 d6 8. Be2
Ba6 9. O-O Bxe2 10. Qxe2 Nc6 11. Rfd1 Rc8 12. Rac1 Qd7 13. Bg5 cxd4 14. exd4
Qf5 15. Bxf6 Bxf6 16. Ne4 Bg7 17. d5 Na5 18. b3 Rc7 19. Nd4 Qd7 20. c4 Bxd4 21.
Rxd4 Nb7 22. Re1 Nc5 23. Qe3 Qf5 24. Ng3 Qf6 25. Rf4 Qg7 26. Ne4 Qe5 27. Qd2
Nxe4 28. Rfxe4 Qf6 29. Qe3 Re8 30. a4 Kg7 31. Rf4 Qb2 32. Rh4 Kg8 33. Qh6 Qg7
34. Qg5 Rb7 35. Rhe4 Kf8 36. Qg3 Qf6 37. R1e3 Kg8 38. Kh2 a6 39. Rf3 Qb2 40.
Ref4 Rf8 41. Re4 b5 42. axb5 axb5 43. Qh4 bxc4 44. bxc4 f6 45. Rfe3 Rf7 46. Qf4
Qc1 47. Qf3 f5 48. Rf4 Rb1 49. Kg3 Qh1 50. h4 h6 51. Re6 g5 52. hxg5 hxg5 53.
Rg6+ Rg7 54. Rxg7+ Kxg7 55. Rd4 Rg1 56. c5 f4+ 57. Kg4 Rxg2+ 58. Kf5 Kf7 59.
cxd6 exd6 0-1

[Event "62nd DEN-ch"]
[Site "Copenhagen DEN"]
[Date "1983.??.??"]
[Round "6"]
[White "Hoei, Carsten"]
[Black "Noergaard, Jesper"]
[WhiteElo "2370"]
[BlackElo "2260"]
[Result "1-0"]
[EventDate "1983.01.01"]
[PlyCount "59"]
[EventCategory "5"]
[Source "ChessBase"]
[SourceDate "1999.07.01"]

1. d4 Nf6 2. c4 e6 3. Nc3 Bb4 4. e3 b6 5. Nge2 Ba6 6. Ng3 Bxc3+ 7. bxc3 d5 8.
Qf3 O-O 9. h4 Nbd7 10. cxd5 Bb7 11. e4 exd5 12. e5 Ne4 13. Nf5 g6 14. Ng3 f5
15. h5 Ng5 16. Qf4 Ne6 17. Qh6 Qe8 18. hxg6 Qxg6 19. Bd3 Rae8 20. Qh3 Ng7 21.
Bh6 Nxe5 22. dxe5 Rxe5+ 23. Kd2 Bc8 24. Bf4 Re4 25. Bxe4 fxe4 26. Qh6 Qxh6 27.
Bxh6 Rxf2+ 28. Ke3 Rc2 29. Bxg7 Kxg7 30. Nh5+ 1-0

[Event "62nd DEN-ch"]
[Site "Copenhagen DEN"]
[Date "1983.??.??"]
[Round "6"]
[White "Jakobsen, Ole"]
[Black "Nilsson, Nils Specht"]
[WhiteElo "2445"]
[BlackElo "2255"]
[Result "1-0"]
[EventDate "1983.01.01"]
[PlyCount "129"]
[EventCategory "5"]
[Source "ChessBase"]
[SourceDate "1999.07.01"]

1. d4 Nf6 2. c4 c5 3. d5 e5 4. Nc3 d6 5. e4 Be7 6. Nf3 O-O 7. h3 a6 8. Bd3 h6
9. Qe2 Nh7 10. Be3 Nd7 11. a3 Kh8 12. b4 b6 13. g3 Rg8 14. Kd2 Ndf8 15. Kc2 Ng6
16. Rab1 Bd7 17. Nd2 Bg5 18. Bxg5 Qxg5 19. bxc5 bxc5 20. Rb7 Rgd8 21. h4 Qe7
22. Rhb1 Nf6 23. Kc1 Qf8 24. Qd1 Rdb8 25. Qb3 Rxb7 26. Qxb7 Qc8 27. Qxc8+ Bxc8
28. Rb6 Ne8 29. Bc2 Nf8 30. Ba4 Nd7 31. Bxd7 Bxd7 32. Rb7 Nf6 33. f4 Be8 34.
Rb6 exf4 35. gxf4 Nh5 36. f5 Nf4 37. Rxd6 f6 38. Kc2 Ng2 39. Nb3 Nxh4 40. Nxc5
Nf3 41. Rxa6 Rc8 42. Nb7 h5 43. Nd6 Rb8 44. c5 Nd4+ 45. Kd3 Nb3 46. Kc4 Nd2+
47. Kd3 Nb3 48. Ra7 Nxc5+ 49. Kc4 Nd7 50. Ne2 Ne5+ 51. Kc5 Bd7 52. Nf4 h4 53.
Nf7+ Nxf7 54. Rxd7 Ne5 55. Rc7 Kh7 56. d6 Kh6 57. d7 Rd8 58. Kd6 Rxd7+ 59. Rxd7
Nxd7 60. Kxd7 Kg5 61. Nh3+ Kg4 62. Ng1 Kg3 63. a4 Kg2 64. a5 Kxg1 65. a6 1-0